[Event "FRA-chT U20 0405"]
[Site "France"]
[Date "2004.11.21"]
[Round "2.9"]
[White "Salaun, Antoine"]
[Black "Barbot, Pierre"]
[Result "0-1"]
[WhiteElo "1009"]
[BlackElo "1550"]
[PlyCount "92"]
[EventDate "2004.11.20"]
[EventType "team"]
[EventRounds "11"]
[EventCountry "FRA"]
[SourceTitle "CBM 103 Extra"]
[Source "ChessBase"]
[SourceDate "2005.01.01"]
[SourceVersion "1"]
[SourceVersionDate "2005.01.01"]
[SourceQuality "1"]

1. e4 e5 2. Nc3 Nf6 3. d3 Nc6 4. Bg5 Be7 5. a3 d6 6. Nf3 0-0 7. Be2 Be6 8. 0-0 d5 9. exd5 Nxd5 10. Bxe7 Qxe7 11. Nb5 Qc5 12. Nxc7 Nxc7 13. b4 Qb6 14. c3 Nb5 15. d4 Nxc3 16. Qd2 Nxd4 17. Nxe5 Ncxe2+ 18. Kh1 Nb3 19. Qxe2 Nxa1 20. Rxa1 Rac8 21. Kg1 Rfe8 22. Rf1 Bc4 23. Nxc4 Rxe2 24. Nxb6 axb6 25. f3 Rcc2 26. Rd1 f6 27. h3 Rxg2+ 28. Kf1 Rcf2+ 29. Ke1 Rg1+ 30. Kxf2 Rxd1 31. Ke2 Ra1 32. Kd3 Rxa3+ 33. Kc4 Rxf3 34. h4 f5 35. Kb5 Rb3 36. Kc4 Rb1 37. Kc3 f4 38. Kd2 f3 39. Ke3 Rb3+ 40. Kf2 Kf7 41. Kf1 Rb2 42. Ke1 Ke6 43. Kd1 f2 44. Kc1 Ra2 45. Kb1 Re2 46. Ka1 f1Q# 0-1

[Event "FRA-chT U20 0405"]
[Site "France"]
[Date "2004.11.21"]
[Round "3.7"]
[White "Salaun, Antoine"]
[Black "Cohen Solal, Leo"]
[Result "0-1"]
[WhiteElo "1009"]
[BlackElo "1340"]
[PlyCount "64"]
[EventDate "2004.11.20"]
[EventType "team"]
[EventRounds "11"]
[EventCountry "FRA"]
[SourceTitle "CBM 103 Extra"]
[Source "ChessBase"]
[SourceDate "2005.01.01"]
[SourceVersion "1"]
[SourceVersionDate "2005.01.01"]
[SourceQuality "1"]

1. e4 d6 2. Bc4 Nf6 3. d3 g6 4. Bd2 Bg7 5. Bc3 c6 6. Bd2 0-0 7. Bc3 Bg4 8. f3 Bc8 9. d4 Nbd7 10. e5 Ne8 11. f4 b5 12. Bd3 Nb6 13. Qf3 Nd5 14. Bd2 Qb6 15. c3 Nec7 16. Qg3 Bb7 17. Qh4 Rfe8 18. f5 c5 19. fxg6 fxg6 20. c4 bxc4 21. Bxc4 Qxb2 22. Qh3 Qxa1 23. Qh4 Rab8 24. Qe4 Bc6 25. Bd3 c4 26. Bc2 Ba8 27. g3 Nc3 28. Bxc3 Rxb1+ 29. Bxb1 Qxb1+ 30. Kf2 Rf8+ 31. Ke2 Bh6 32. Ba5 Qf1# 0-1